El divorcio hoy, desde la Biblia y la teología
Bewaard in:
| Hoofdauteur: | |
|---|---|
| Formaat: | Boek |
| Taal: | Spaans |
| Gepubliceerd in: |
Madrid
P.P.C
1981
|
| Reeks: | Nuevos Folletos PPC, 46
|
| Onderwerpen: | |
| Tags: |
Voeg label toe
Geen labels, Wees de eerste die dit record labelt!
|
MARC
| LEADER | 00000nam a2200000 a 4500 | ||
|---|---|---|---|
| 001 | UCZ7573 | ||
| 003 | CL-VaPUC | ||
| 008 | 960105e19810000SP |||||||||||||||||spa|d | ||
| 082 | 0 | 4 | |a 306.89 |b ALO |2 21 |
| 100 | 0 | |a Alonso Díaz, José |e author |9 352530 | |
| 245 | 1 | 3 | |a El divorcio hoy, desde la Biblia y la teología |
| 300 | |a 61 p | ||
| 942 | |c BK | ||
| 945 | |d 19960105 00:00:00 |a cmena | ||
| 260 | |a Madrid |b P.P.C |c 1981 | ||
| 650 | 0 | |a Divorcio |9 256204 | |
| 650 | 7 | |a MATRIMONIO |2 CL-VaPUC |9 352531 | |
| 650 | 7 | |a DISOLUCION DEL MATRIMONIO |2 CL-VaPUC |9 335077 | |
| 650 | 0 | |a Estado civil |9 352532 | |
| 650 | 0 | |a Religión |9 255164 | |
| 650 | 0 | |a Teología |9 258766 | |
| 650 | 0 | |a Ética |9 255099 | |
| 650 | 0 | |a Textos sagrados |9 257605 | |
| 583 | |a last modification |c 19960105 00:00:00 |k Rodrigo Vera | ||
| 490 | 0 | |a Nuevos Folletos PPC, 46 | |
| 999 | |c 243626 |d 243624 | ||
| 952 | |0 0 |1 0 |4 0 |6 306_890000000000000_ALO_1981 |7 0 |8 A |9 257340 |a BIBEDU |b BIBEDU |d 2019-11-19 |i 1610481 |o 306.89 ALO 1981 |p 1610481 |r 2019-11-19 |w 2019-11-19 |y BK |k EDU | ||